Top 15 dei paesi con decessi Covid-19 - 2 maggio - Statistics

Statistiche generali
  • Questo quiz è stato fatto 5 volte
  • Il punteggio medio è 13 su 21
Statistiche sulle risposte
nazione % Corretto
Francia
100%
Italia
100%
Spagna
100%
Stati Uniti
100%
Belgio
80%
Brasile
80%
Canada
80%
Cina
80%
Germania
80%
Regno Unito
80%
Svizzera
80%
Messico
60%
Paesi Bassi
60%
Svezia
60%
Svezia
60%
Irlanda
40%
Portogallo
40%
Danimarca
20%
Ecuador
20%
Turchia
20%
Iran
0%
Nessun quiz corrispondente trovato
Distribuzione punteggi
Percentuale di utenti per punteggio
Percentile per numero di risposta
I tuoi punteggi nel tempo
Non hai fatto questo quiz